| 000 | 01467aam a2200505 4500 | ||
|---|---|---|---|
| 005 | 20241015160555.0 | ||
| 008 | 150410b xxu||||| |||| 00| 0 spa d | ||
| 041 | _aspa | ||
| 082 | _a658.3 D475ad11 | ||
| 100 |
_aDessler, Gary _93371 |
||
| 245 | _aAdministración de Recursos Humanos | ||
| 250 | _a11 edición | ||
| 260 |
_aMéxico _bPearson _c2009 |
||
| 300 | _a801 páginas | ||
| 650 | _aADMINISTRACIÓN DEL PERSONAL | ||
| 650 | _aRECURSOS HUMANOS | ||
| 650 | _aGLOBALIZACIÓN | ||
| 650 | _aDESTREZAS | ||
| 650 | _aLEY IGUALDAD DE OPORTUNIDADES | ||
| 650 | _aRECLUTAMIENTO DEL PERSONAL | ||
| 650 | _aCAPACITACIÓN | ||
| 650 | _aACOSO SEXUAL | ||
| 650 | _aRELACIONES LABORALES | ||
| 650 | _aADMINISTRACIÓN ESTRATÉGICA | ||
| 650 | _aNEGOCIACIÓN COLECTIVA | ||
| 650 | _aSINDICALISMO | ||
| 650 | _aSEGURIDAD DEL PERSONAL | ||
| 650 | _aÉTICA EN EL TRABAJO | ||
| 650 | _aENTREVISTAS | ||
| 650 | _aANÁLISIS DE PUESTOS | ||
| 650 | _aPLANEACIÓN | ||
| 650 | _aSELECCIÓN DE PERSONAL | ||
| 650 | _aRECLUTAMIENTO DE PERSONAL | ||
| 650 | _aRECLUTAMIENTO EFICAZ | ||
| 650 | _aEVALUACIÓN DEL DESEMPEÑO | ||
| 650 | _aEVALUACIÓN DE ACTIVIDADES DE CAPACITACIÓN | ||
| 650 | _aENTREVISTAS A CANDIDATOS | ||
| 650 | _aADMINISTRACION DE CARRERAS | ||
| 650 | _aCOMPROMISO DEL EMPLEADO | ||
| 650 | _aREMUNERACIÓN | ||
| 650 | _aPRESTACIONES | ||
| 650 | _aCAPACITACIONES | ||
| 650 | _aMOVIMIENTO SINDICALISTA | ||
| 942 | _cBK | ||
| 999 |
_c4475 _d4475 |
||